Personnalités nées dans l'Aveyron par images - Statistiques

Statistiques générales
  • Ce quiz a été pris 170 fois
  • Le résultat moyen est 4 sur 13
Statistiques - réponses
Par images Réponse % Correct
Cyril Lignac
97%
Bernard Laporte
56%
Pierre Soulages
47%
Marie-Sophie Lacarrau
39%
Gaëtan Roussel
35%
Michel Bras
30%
Stéphane Diagana
29%
Richard Ferrand
20%
Guy Lacombe
9%
Émilie de Rodat
5%
Dominique Reynié
3%
Charles Louis Auguste Fouquet de Belle-Isle
1%
Marion Calais
1%
Aucun quiz correspondant
Distribution des résultats
% des personnes avec chaque résultat
Percentile par nombre de réponses
Votre historique - résultats
Vous n’avez pas pris ce quiz